[Event "30.Schlosspark-Open"]
[Site "Wiesbaden-Biebrich"]
[Date "2018.08.24"]
[Round "3.79"]
[White "Rabiya, Karim"]
[Black "Herrmann, Gerhard"]
[Result "1-0"]
[WhiteElo "1750"]
[BlackElo "1575"]
[PlyCount "103"]
[EventDate "2018.??.??"]
[WhiteTeam "SK Niederbrechen"]
[BlackTeam "SC Koenigsspringer Alzenau"]

1. e4 d5 2. exd5 Nf6 3. d4 Nxd5 4. c4 Nf6 5. Nf3 Bg4 6. Be2 e6 7. h3 Bxf3 8.
Bxf3 c6 9. O-O Be7 10. Qb3 Qc7 11. Nc3 O-O 12. Re1 Re8 13. Bg5 Nbd7 14. Rad1
Rab8 15. Qc2 Nb6 16. b3 Rbd8 17. Bh4 Nfd7 18. Bg3 Qc8 19. a4 Bb4 20. Re4 Nf6
21. Rh4 Bd6 22. Bxd6 Rxd6 23. Ne4 Nxe4 24. Bxe4 f5 25. c5 Rd7 26. cxb6 fxe4 27.
Qxe4 axb6 28. Qxh7+ Kf7 29. Rf4+ Ke7 30. Qh4+ Kd6 31. Qg3 Ke7 32. Qg5+ Kd6 33.
Qe5+ Ke7 34. Qg5+ Kd6 35. Re1 Rde7 36. Rg4 Rg8 37. Re3 Rf7 38. Qe5+ Ke7 39.
Reg3 Kf8 40. Qd6+ Ke8 41. Rg6 Re7 42. Qe5 Qd7 43. Qh5 Kf8 44. Qe5 Qd5 45. h4 c5
46. R3g4 Qxb3 47. Rf4+ Ke8 48. Qb8+ Kd7 49. Qxb7+ Kd6 50. dxc5+ Kxc5 51. Qxe7+
Kd5 52. Qxe6+ 1-0

[Event "30.Schlosspark-Open"]
[Site "Wiesbaden-Biebrich"]
[Date "2018.08.24"]
[Round "3.80"]
[White "Witt, Alexander"]
[Black "Ziegler, Joerg"]
[Result "1-0"]
[WhiteElo "1535"]
[BlackElo "1744"]
[PlyCount "51"]
[EventDate "2018.??.??"]
[WhiteTeam "Vorw.Orient Mainz"]
[BlackTeam "BKA Wiesbaden"]

1. e4 c5 2. Nf3 e6 3. d4 cxd4 4. Nxd4 Nf6 5. Nc3 Nc6 6. a3 a6 7. Be2 Be7 8. O-O
O-O 9. Be3 d6 10. f4 Bd7 11. Nxc6 Bxc6 12. e5 dxe5 13. fxe5 Nd5 14. Bd4 Qc7 15.
Ne4 Rad8 16. Bd3 Nb6 17. c3 Bxe4 18. Bxe4 Bc5 19. Rc1 Nc4 20. Qd3 g6 21. Qxc4
Bxd4+ 22. cxd4 Qb6 23. Qb4 Qxd4+ 24. Qxd4 Rxd4 25. Bxb7 Rb8 26. Rc7 1-0

[Event "30.Schlosspark-Open"]
[Site "Wiesbaden-Biebrich"]
[Date "2018.08.24"]
[Round "3.81"]
[White "Senatov, Boris"]
[Black "Martin, Lukas"]
[Result "1-0"]
[WhiteElo "1733"]
[BlackElo "1526"]
[PlyCount "47"]
[EventDate "2018.??.??"]
[WhiteTeam "SC Heusenstamm"]
[BlackTeam "SC Bad Soden"]

1. e4 c5 2. Nf3 e6 3. d4 cxd4 4. Nxd4 Nc6 5. Nc3 a6 6. Be3 Qc7 7. Bd3 Nf6 8.
Nxc6 bxc6 9. O-O Be7 10. f4 d5 11. Qf3 Bb7 12. exd5 cxd5 13. Bd4 Bc5 14. Bxc5
Qxc5+ 15. Kh1 O-O 16. Rfe1 g6 17. Re5 Qc7 18. Ne2 h6 19. Qg3 Nd7 20. Rxe6 Nc5
21. Re5 Rfe8 22. Bxg6 fxg6 23. Qxg6+ Kf8 24. Rf5+ 1-0

[Event "30.Schlosspark-Open"]
[Site "Wiesbaden-Biebrich"]
[Date "2018.08.24"]
[Round "3.82"]
[White "Roth, Michael"]
[Black "Niedenthal, Robert"]
[Result "0-1"]
[WhiteElo "1522"]
[BlackElo "1722"]
[Annotator "Schloessner,Henrik"]
[PlyCount "56"]
[EventDate "2018.??.??"]
[WhiteTeam "SC Lerchenberg/ZMO"]
[BlackTeam "SV Hofheim"]

1. e4 d5 2. e5 g6 3. d4 Bg7 4. Nf3 Bg4 5. Be2 e6 6. h3 Bf5 7. Bg5 Qd7 8. Nc3 c6
9. Na4 b6 10. c4 h6 11. Bh4 g5 12. Bg3 Ne7 13. Qd2 O-O 14. Nh2 Qc8 15. h4 f6
16. f4 gxf4 17. Bxf4 Kh7 18. g4 Be4 19. Rg1 Ng6 20. Be3 dxc4 21. Nc3 Bd3 22.
Bxd3 cxd3 23. Qxd3 f5 24. h5 Ne7 25. g5 Qe8 26. g6+ Kh8 27. Qd2 Ng8 28. O-O-O
Nd7 {Rest nicht nachvollziehbar! 0-1 (50+)} 0-1

[Event "30.Schlosspark-Open"]
[Site "Wiesbaden-Biebrich"]
[Date "2018.08.24"]
[Round "3.83"]
[White "Baumgarten, Fred"]
[Black "Hedrich, Gerd"]
[Result "1-0"]
[WhiteElo "1721"]
[BlackElo "1497"]
[PlyCount "129"]
[EventDate "2018.??.??"]
[WhiteTeam "SV Hennef"]
[BlackTeam "Wiesbadener SV"]

1. e4 c6 2. d4 d5 3. e5 Bf5 4. g4 Bg6 5. h4 h5 6. g5 e6 7. Nh3 Nd7 8. Nf4 Be4
9. f3 Bf5 10. Bd3 Bxd3 11. Qxd3 g6 12. b3 Ne7 13. Be3 Nf5 14. Bf2 c5 15. dxc5
Nxe5 16. Qb5+ Qd7 17. Qxd7+ Kxd7 18. Nd2 Bg7 19. O-O-O Rhd8 20. b4 a6 21. Ne2
Nc6 22. a3 Ncd4 23. Nxd4 Nxd4 24. Bxd4 Bxd4 25. Nc4 dxc4 26. Rxd4+ Kc6 27. Rxc4
Rd5 28. Rf4 Rf5 29. Rxf5 gxf5 30. Rd1 a5 31. Rd6+ Kc7 32. b5 Rd8 33. g6 fxg6
34. Rxe6 Rg8 35. Re7+ Kc8 36. c6 bxc6 37. bxc6 Rd8 38. Rg7 Rd6 39. c7 Rc6 40.
Kd2 f4 41. Kd3 Re6 42. Kd4 Re3 43. c3 Rxf3 44. Rxg6 Kxc7 45. Rg5 Rg3 46. Rxa5
f3 47. Rxh5 f2 48. Rf5 Rh3 49. Rxf2 Rxh4+ 50. Kc5 Ra4 51. Ra2 Ra5+ 52. Kb4 Kb6
53. a4 Rc5 54. c4 Re5 55. Ra3 Ra5 56. Ra2 Re5 57. Rf2 Rc5 58. Rf6+ Rc6 59.
Rxc6+ Kxc6 60. a5 Kb7 61. Kb5 Ka7 62. Kc6 Ka6 63. c5 Ka7 64. Kc7 Ka8 65. Kd7
1-0

[Event "30.Schlosspark-Open"]
[Site "Wiesbaden-Biebrich"]
[Date "2018.08.24"]
[Round "3.84"]
[White "Ringeltaube, Denny"]
[Black "Miranda Martin, Pablo Mateo"]
[Result "0-1"]
[WhiteElo "1718"]
[BlackElo "1494"]
[PlyCount "44"]
[EventDate "2018.??.??"]
[WhiteTeam "Klub Koelner SF"]
[BlackTeam "SV Walldorf"]

1. e4 c6 2. d4 d5 3. e5 Bf5 4. Nf3 e6 5. Be2 Na6 6. c3 Nc7 7. O-O Be7 8. Qb3
Rb8 9. Be3 Nh6 10. h3 Bg6 11. Bxh6 gxh6 12. c4 Rg8 13. Nc3 Bf5 14. Kh1 Kd7 15.
cxd5 exd5 16. Qa4 Kc8 17. b4 a6 18. Qb3 Qd7 19. Kh2 Ne6 20. a4 Nf4 21. g3 Bc2
22. e6 Qxe6 0-1

[Event "30.Schlosspark-Open"]
[Site "Wiesbaden-Biebrich"]
[Date "2018.08.24"]
[Round "3.85"]
[White "Haftmann, Rainer"]
[Black "Sitta, Stefan"]
[Result "1-0"]
[WhiteElo "1686"]
[BlackElo "1487"]
[PlyCount "61"]
[EventDate "2018.??.??"]
[WhiteTeam "SG Dietzenbach"]
[BlackTeam "Sfr. Wiesbaden"]

1. e4 e6 2. d4 d5 3. Nd2 Nf6 4. e5 Nfd7 5. Bd3 c5 6. c3 Nc6 7. Ne2 Qb6 8. Nf3
f6 9. exf6 Nxf6 10. O-O Bd6 11. Re1 c4 12. Bc2 Qc7 13. Ng3 e5 14. dxe5 Nxe5 15.
Nxe5 Bxe5 16. Bf4 O-O 17. Bxe5 Qc6 18. Bxf6 Rxf6 19. Qh5 g6 20. Qg5 Bd7 21.
Rad1 Re8 22. Rxe8+ Bxe8 23. Qxd5+ Kg7 24. Qxc6 Bxc6 25. f3 a5 26. Kf2 b5 27.
Be4 Be8 28. Rd5 h5 29. h4 Ra6 30. Re5 Bc6 31. Bxc6 1-0

[Event "30.Schlosspark-Open"]
[Site "Wiesbaden-Biebrich"]
[Date "2018.08.24"]
[Round "3.86"]
[White "Schneider, Stephan"]
[Black "Maleski, Heinz"]
[Result "1-0"]
[WhiteElo "1470"]
[BlackElo "1667"]
[PlyCount "49"]
[EventDate "2018.??.??"]
[WhiteTeam "SF Riedlingen"]
[BlackTeam "SV Mainz-Mombach"]

1. e4 c5 2. Nc3 Nc6 3. f4 g6 4. Nf3 Bg7 5. Bb5 Nd4 6. O-O a6 7. Be2 d6 8. d3
Bg4 9. Kh1 Nxe2 10. Qxe2 Nf6 11. h3 Bxf3 12. Rxf3 O-O 13. f5 Nd7 14. g4 e6 15.
Bd2 Ne5 16. Rg3 Qh4 17. Rag1 Qd8 18. Qh2 Nc6 19. Qe2 Nd4 20. Qd1 Be5 21. Be1
Bxg3 22. Bxg3 Qb6 23. f6 Qxb2 24. Qd2 Qxc2 25. Qh6 1-0

[Event "30.Schlosspark-Open"]
[Site "Wiesbaden-Biebrich"]
[Date "2018.08.24"]
[Round "3.87"]
[White "Ostendorph, Elias"]
[Black "Wachsmann, Elmar"]
[Result "0-1"]
[WhiteElo "1281"]
[BlackElo "1654"]
[PlyCount "79"]
[EventDate "2018.??.??"]
[WhiteTeam "TSG Oehringen"]
[BlackTeam "SC Gross-Umstadt"]

1. g3 d5 2. Bg2 Nf6 3. b3 c5 4. Bb2 e6 5. e3 Be7 6. Ne2 O-O 7. O-O b6 8. d3 Bb7
9. Nd2 Nc6 10. e4 Qc7 11. exd5 exd5 12. Nc3 Rad8 13. Nb5 Qb8 14. Re1 a6 15. Nc3
h5 16. Na4 Qc7 17. f4 h4 18. Be5 Nxe5 19. fxe5 Nd7 20. Qe2 hxg3 21. h3 b5 22.
Nc3 Qxe5 23. Qxe5 Nxe5 24. Rxe5 Bf6 25. Rae1 Bxe5 26. Rxe5 Rfe8 27. Rxe8+ Rxe8
28. Bxd5 Re1+ 29. Nf1 Bxd5 30. Nxd5 Rc1 31. c4 Rd1 32. cxb5 axb5 33. Nc3 Rxd3
34. Nxb5 Rd1 35. Kg2 Ra1 36. a3 Rb1 37. Ne3 Rxb3 38. Nc4 Rxb5 39. Kxg3 Rb3+ 40.
Kf4 0-1

[Event "30.Schlosspark-Open"]
[Site "Wiesbaden-Biebrich"]
[Date "2018.08.24"]
[Round "3.88"]
[White "Knoedler, Marcel"]
[Black "Troeger, Beate"]
[Result "1-0"]
[WhiteElo "1646"]
[BlackElo "1486"]
[PlyCount "109"]
[EventDate "2018.??.??"]
[WhiteTeam "FC Bierstadt"]
[BlackTeam "Vorw.Orient Mainz"]

1. c4 f5 2. g3 Nf6 3. Bg2 g6 4. Nc3 Bg7 5. e3 O-O 6. Nge2 Nc6 7. d4 Re8 8. O-O
e5 9. d5 Ne7 10. b3 Rb8 11. Bb2 d6 12. a4 a6 13. Qc2 c5 14. a5 Nd7 15. e4 b5
16. axb6 Qxb6 17. Ra3 Qb7 18. exf5 Nxf5 19. Ne4 Qc7 20. Bh3 Nd4 21. Nxd4 exd4
22. Be6+ Kh8 23. Ng5 Ne5 24. f4 Bxe6 25. Nxe6 Rxe6 26. dxe6 Ng4 27. Bc1 Qc6 28.
Qg2 Qb6 29. h3 Nf6 30. Bd2 Re8 31. Ba5 Qa7 32. Re1 Ng8 33. Qc6 Nf6 34. g4 Qb8
35. e7 d5 36. Bd2 Ne4 37. Bc1 Rxe7 38. Rxa6 Re8 39. cxd5 Bf8 40. Rb6 Qd8 41. g5
Bd6 42. Bd2 Re7 43. Rxe4 Rxe4 44. Qxd6 Qxd6 45. Rxd6 Re2 46. Ba5 d3 47. Rc6 d2
48. Bxd2 Rxd2 49. Rxc5 Rd4 50. Kf2 Rxf4+ 51. Ke3 Rh4 52. d6 Rxh3+ 53. Ke4 Rxb3
54. d7 Rb4+ 55. Ke5 1-0

[Event "30.Schlosspark-Open"]
[Site "Wiesbaden-Biebrich"]
[Date "2018.08.24"]
[Round "3.89"]
[White "Heinrich, Leon"]
[Black "Baehrle, Julius"]
[Result "1-0"]
[WhiteElo "1638"]
[BlackElo "1373"]
[PlyCount "111"]
[EventDate "2018.??.??"]
[WhiteTeam "SW Nuernberg Sued"]
[BlackTeam "FC Bierstadt"]

1. b3 d6 2. Bb2 Nf6 3. e3 a6 4. Nf3 Nc6 5. d4 g6 6. c4 Bf5 7. Nc3 Nb4 8. Rc1
Bh6 9. h3 O-O 10. g4 Be4 11. g5 Bxg5 12. Nxe4 Nxe4 13. a3 Nc6 14. Bd3 f5 15.
Bxe4 Bf6 16. Bd5+ Kg7 17. h4 h5 18. Rg1 Rg8 19. Bxg8 Qxg8 20. Ng5 Rd8 21. Qc2
e5 22. d5 Ne7 23. Ne6+ Kf7 24. Nxd8+ Qxd8 25. Rh1 c6 26. dxc6 Nxc6 27. Qd2 Be7
28. Rd1 Ke6 29. Qd5+ Kf6 30. f4 Qc7 31. fxe5+ dxe5 32. Rg1 Qa5+ 33. Qxa5 Nxa5
34. b4 Nxc4 35. Bc1 e4 36. Rd7 Ne5 37. Bb2 Ke6 38. Rxe7+ Kxe7 39. Bxe5 Ke6 40.
Bd4 Kd5 41. Rxg6 Kc4 42. Rf6 Kb3 43. Rxf5 Kxa3 44. b5 a5 45. b6 a4 46. Rxh5 Kb3
47. Re5 a3 48. h5 a2 49. h6 Kc2 50. h7 Kb1 51. Ra5 a1=R 52. Rxa1+ Kc2 53. h8=Q
Kd3 54. Qe5 Kc2 55. Qc5+ Kb3 56. Qc3# 1-0

[Event "30.Schlosspark-Open"]
[Site "Wiesbaden-Biebrich"]
[Date "2018.08.24"]
[Round "3.90"]
[White "Polat, Marcel"]
[Black "Raima, Jan"]
[Result "1-0"]
[WhiteElo "1643"]
[BlackElo "1366"]
[PlyCount "103"]
[EventDate "2018.??.??"]
[WhiteTeam "Vorw.Orient Mainz"]
[BlackTeam "FC Bierstadt"]

1. c4 c5 2. Nc3 Nc6 3. g3 g6 4. Bg2 Bg7 5. d3 d6 6. Bd2 Bd7 7. Nf3 Nf6 8. O-O
O-O 9. Qc1 Qc8 10. Bh6 Bh3 11. Bxg7 Kxg7 12. Re1 Bxg2 13. Kxg2 Re8 14. e4 e5
15. Nd5 Rh8 16. Nxf6 Kxf6 17. Rf1 Kg7 18. Ne1 a6 19. Nc2 Qd7 20. f4 Rab8 21. f5
Rhf8 22. Ne3 Ne7 23. f6+ Kg8 24. fxe7 Qxe7 25. Nd5 Qe6 26. Rf6 Qd7 27. Qh6 b5
28. Rf2 f6 29. Nxf6+ Rxf6 30. Rxf6 bxc4 31. Raf1 Qe7 32. dxc4 Rxb2+ 33. R6f2
Rxf2+ 34. Rxf2 Qe8 35. Qd2 Qc6 36. Qd5+ Qxd5 37. exd5 Kg7 38. Kf3 Kf6 39. Ke4+
Ke7 40. Rb2 h6 41. g4 Kf7 42. Rb6 Ke7 43. Rxa6 Kd7 44. h4 Ke7 45. Rc6 Kd7 46.
a4 Ke7 47. a5 Kd7 48. a6 g5 49. a7 gxh4 50. a8=Q h3 51. Qb7+ Ke8 52. Rc8# 1-0

[Event "30.Schlosspark-Open"]
[Site "Wiesbaden-Biebrich"]
[Date "2018.08.24"]
[Round "3.91"]
[White "Lorenz, Hermann"]
[Black "Sturm, Holger"]
[Result "1/2-1/2"]
[WhiteElo "1640"]
[BlackElo "1117"]
[PlyCount "116"]
[EventDate "2018.??.??"]
[WhiteTeam "SF Mainz"]
[BlackTeam "Schierstein"]

1. c4 c6 2. g3 d5 3. b3 Nf6 4. Bg2 e6 5. Nf3 Be7 6. Bb2 Nbd7 7. O-O O-O 8. d4
c5 9. e3 b6 10. Nc3 Bb7 11. Qe2 a6 12. Rfd1 Qc7 13. Rac1 Rfe8 14. a3 Ne4 15.
Nxe4 dxe4 16. Nd2 Nf6 17. Nb1 Rad8 18. Nc3 h6 19. Rc2 Qb8 20. Rcd2 Rd6 21. d5
exd5 22. Nxd5 Nxd5 23. cxd5 Bf6 24. Bxf6 Rxf6 25. d6 Rd8 26. d7 Re6 27. Bh3 Re7
28. Rd6 Qc7 29. Qg4 Bc6 30. R1d2 Bb5 31. Qh4 Kf8 32. Rxh6 gxh6 33. Qxh6+ Kg8
34. Rd5 Re5 35. Rd6 Bxd7 36. Bxd7 Rxd7 37. Rc6 Qb7 38. Rxb6 Rd1+ 39. Kg2 Qe7
40. Rxa6 Re6 41. Qh5 Rxa6 42. Qxd1 Qd6 43. Qg4+ Kh7 44. Qh5+ Kg7 45. Qg5+ Qg6
46. Qxc5 Rc6 47. Qd4+ Rf6 48. b4 Qf5 49. Qd2 Qf3+ 50. Kg1 Rh6 51. h4 Rf6 52. a4
Qf5 53. b5 Qe5 54. Qe2 Qa1+ 55. Kg2 Qxa4 56. Qg4+ Rg6 57. Qf5 Rf6 58. Qg5+ Rg6
1/2-1/2